[Event "Team Championship of Russia (rapid)"]
[Site "Sochi"]
[Date "2015.05.09"]
[Round "5.28"]
[White "Oganian, Miran"]
[Black "Shuvalova, Polina"]
[Result "1-0"]
[LiveChessVersion "1.4.4"]
[BlackElo "2269"]
[WhiteElo "2433"]
[BlackTeam "Our heritage - Junior"]

1. d4 {[%clk 0:15:18]} Nf6 {[%clk 0:15:18]} 2. Nf3 {[%clk 0:15:26]} g6
{[%clk 0:15:25]} 3. Bg5 {[%clk 0:15:35]} Bg7 {[%clk 0:15:33]} 4. Nbd2
{[%clk 0:15:43]} d5 {[%clk 0:15:22]} 5. e3 {[%clk 0:15:49]} O-O {[%clk 0:15:20]}
6. c3 {[%clk 0:15:34]} Nbd7 {[%clk 0:15:07]} 7. Be2 {[%clk 0:15:32]} c6
{[%clk 0:15:15]} 8. O-O {[%clk 0:15:31]} Ne4 {[%clk 0:12:49]} 9. Nxe4
{[%clk 0:14:37]} dxe4 {[%clk 0:12:57]} 10. Nd2 {[%clk 0:14:46]} f5
{[%clk 0:12:23]} 11. f3 {[%clk 0:14:43]} h6 {[%clk 0:11:44]} 12. Bh4
{[%clk 0:14:40]} exf3 {[%clk 0:11:39]} 13. Qb3+ {[%clk 0:08:43]} Kh7
{[%clk 0:11:37]} 14. Nxf3 {[%clk 0:08:45]} Nf6 {[%clk 0:11:05]} 15. Rad1
{[%clk 0:08:18]} a5 {[%clk 0:07:52]} 16. a4 {[%clk 0:08:09]} Ne4 {[%clk 0:07:15]}
17. Bd3 {[%clk 0:07:45]} Qd6 {[%clk 0:05:51]} 18. Qc2 {[%clk 0:06:15]} Qe6
{[%clk 0:04:15]} 19. Bxe4 {[%clk 0:05:53]} fxe4 {[%clk 0:03:41]} 20. Nd2
{[%clk 0:05:59]} Rxf1+ {[%clk 0:01:13]} 21. Rxf1 {[%clk 0:05:55]} b6
{[%clk 0:01:19]} 22. Qxe4 {[%clk 0:05:50]} Qxe4 {[%clk 0:01:25]} 23. Nxe4
{[%clk 0:05:59]} g5 {[%clk 0:01:18]} 24. Bg3 {[%clk 0:05:46]} Kg6
{[%clk 0:01:25]} 25. Bc7 {[%clk 0:05:48]} Bf5 {[%clk 0:00:32]} 26. Ng3
{[%clk 0:05:06]} Bd3 {[%clk 0:00:41]} 27. Rd1 {[%clk 0:05:06]} Bc2
{[%clk 0:00:50]} 28. Ra1 {[%clk 0:05:15]} Ra6 {[%clk 0:00:49]} 29. Kf2
{[%clk 0:04:00]} Kf7 {[%clk 0:00:52]} 30. e4 {[%clk 0:03:53]} Bf6
{[%clk 0:00:56]} 31. Ke3 {[%clk 0:03:48]} Ke6 {[%clk 0:01:03]} 32. Kd2
{[%clk 0:03:21]} Bb3 {[%clk 0:00:56]} 33. Ra3 {[%clk 0:03:30]} Bc4
{[%clk 0:00:54]} 34. b3 {[%clk 0:03:31]} Kd7 {[%clk 0:01:03]} 35. bxc4 Kxc7 36.
e5 {[%clk 0:03:30]} Bg7 {[%clk 0:01:21]} 37. Ra1 {[%clk 0:03:24]} Kd7
{[%clk 0:01:23]} 38. Kd3 {[%clk 0:03:12]} Ra8 {[%clk 0:01:01]} 39. Nf5
{[%clk 0:03:13]} Bf8 {[%clk 0:01:06]} 40. Rb1 {[%clk 0:03:18]} Kc7
{[%clk 0:00:34]} 41. e6 {[%clk 0:03:14]} Rd8 {[%clk 0:00:22]} 42. Ke4
{[%clk 0:03:19]} Re8 {[%clk 0:00:26]} 43. g4 {[%clk 0:03:24]} Rd8
{[%clk 0:00:35]} 44. h4 {[%clk 0:03:30]} gxh4 {[%clk 0:00:38]} 45. Rh1
{[%clk 0:03:39]} Ra8 {[%clk 0:00:34]} 46. Rxh4 {[%clk 0:02:47]} b5
{[%clk 0:00:41]} 47. cxb5 {[%clk 0:02:51]} cxb5 {[%clk 0:00:50]} 48. axb5
{[%clk 0:03:00]} a4 {[%clk 0:00:52]} 49. Rh2 {[%clk 0:03:02]} Kb6
{[%clk 0:01:01]} 50. c4 {[%clk 0:03:03]} Ka5 {[%clk 0:01:09]} 51. Ra2
{[%clk 0:02:26]} Kb4 {[%clk 0:01:15]} 52. b6 {[%clk 0:02:35]} a3 {[%clk 0:01:14]}
53. c5 {[%clk 0:02:33]} Kb5 {[%clk 0:00:34]} 54. Rxa3 {[%clk 0:02:02]} 1-0

[Event "Team Championship of Russia (rapid)"]
[Site "Sochi"]
[Date "2015.05.09"]
[Round "5.29"]
[White "Potapov, Pavel"]
[Black "Triapishko, Olexandr"]
[Result "1/2-1/2"]
[LiveChessVersion "1.4.4"]
[BlackElo "2544"]
[WhiteElo "2500"]
[BlackTeam "Crimea"]
[WhiteTeam "Yamal"]

1. f4 {[%clk 0:15:19]} e5 {[%clk 0:14:12]} 2. fxe5 {[%clk 0:15:22]} d6
{[%clk 0:14:20]} 3. exd6 {[%clk 0:15:25]} Bxd6 {[%clk 0:14:25]} 4. Nf3
{[%clk 0:14:55]} g5 {[%clk 0:14:08]} 5. g3 {[%clk 0:14:31]} g4 {[%clk 0:11:23]}
6. Nh4 {[%clk 0:14:33]} Ne7 {[%clk 0:11:00]} 7. d4 {[%clk 0:13:38]} Ng6
{[%clk 0:10:20]} 8. Ng2 {[%clk 0:13:12]} Nc6 {[%clk 0:08:59]} 9. c3
{[%clk 0:11:43]} h5 {[%clk 0:05:41]} 10. Qd3 {[%clk 0:06:05]} h4 {[%clk 0:04:46]}
11. Nf4 {[%clk 0:05:35]} Nce7 {[%clk 0:02:55]} 12. Nxg6 {[%clk 0:04:07]} fxg6
{[%clk 0:01:41]} 13. Bf4 {[%clk 0:03:35]} hxg3 {[%clk 0:01:35]} 14. Bxg3
{[%clk 0:03:19]} Nf5 {[%clk 0:00:48]} 15. Bxd6 {[%clk 0:02:44]} Qxd6
{[%clk 0:00:39]} 16. Nd2 {[%clk 0:02:26]} g3 {[%clk 0:00:26]} 17. h3
{[%clk 0:01:34]} Be6 {[%clk 0:00:29]} 18. Rg1 {[%clk 0:01:27]} O-O-O
{[%clk 0:00:19]} 19. e4 {[%clk 0:01:36]} Qf4 {[%clk 0:00:21]} 20. O-O-O
{[%clk 0:01:26]} Ne3 {[%clk 0:00:19]} 21. Re1 {[%clk 0:01:26]} g2
{[%clk 0:00:24]} 22. Qxe3 {[%clk 0:01:26]} gxf1=Q {[%clk 0:00:25]} 23. Nxf1
{[%clk 0:01:26]} Qd6 {[%clk 0:00:30]} 24. d5 {[%clk 0:01:20]} Rxh3
{[%clk 0:00:24]} 25. Rg3 {[%clk 0:01:24]} Rxg3 {[%clk 0:00:27]} 26. Qxg3
{[%clk 0:01:17]} Bd7 {[%clk 0:00:22]} 27. Qxd6 {[%clk 0:01:20]} cxd6
{[%clk 0:00:31]} 28. Kd2 {[%clk 0:01:30]} Rh8 {[%clk 0:00:31]} 29. Ne3
{[%clk 0:01:29]} Rh4 {[%clk 0:00:28]} 30. Rg1 {[%clk 0:01:32]} Rxe4
{[%clk 0:00:20]} 31. Rxg6 {[%clk 0:01:38]} Kc7 {[%clk 0:00:29]} 32. b3
{[%clk 0:01:27]} b5 {[%clk 0:00:37]} 33. Rg7 {[%clk 0:01:29]} Rf4
{[%clk 0:00:35]} 34. Kd3 {[%clk 0:01:25]} Kc8 {[%clk 0:00:38]} 35. c4
{[%clk 0:01:25]} a6 {[%clk 0:00:39]} 36. Rg3 {[%clk 0:01:00]} Kc7
{[%clk 0:00:46]} 37. Kc3 {[%clk 0:01:07]} a5 {[%clk 0:00:31]} 38. a3
{[%clk 0:01:14]} Kb6 {[%clk 0:00:32]} 39. Rg7 {[%clk 0:01:04]} Bc8
{[%clk 0:00:27]} 40. b4 {[%clk 0:01:05]} Rf3 {[%clk 0:00:22]} 41. Kd4
{[%clk 0:01:00]} Rf4+ {[%clk 0:00:29]} 42. Kd3 {[%clk 0:01:06]} Bf5+
{[%clk 0:00:20]} 43. Nxf5 {[%clk 0:00:40]} bxc4+ {[%clk 0:00:28]} 44. Kc3
{[%clk 0:00:43]} axb4+ {[%clk 0:00:21]} 45. axb4 {[%clk 0:00:48]} Rxf5
{[%clk 0:00:26]} 46. Kxc4 {[%clk 0:00:56]} Rf4+ {[%clk 0:00:35]} 47. Kc3
{[%clk 0:00:53]} Rf3+ {[%clk 0:00:39]} 48. Kc4 {[%clk 0:00:43]} Rf4+
{[%clk 0:00:48]} 49. Kc3 {[%clk 0:00:51]} 1/2-1/2

[Event "Team Championship of Russia (rapid)"]
[Site "Sochi"]
[Date "2015.05.09"]
[Round "5.30"]
[White "Shemeakin, Alexander"]
[Black "Belyakov, Bogdan"]
[Result "0-1"]
[LiveChessVersion "1.4.4"]
[BlackElo "2486"]
[WhiteElo "2559"]
[WhiteTeam "Crimea"]

1. d4 {[%clk 0:15:18]} Nf6 {[%clk 0:15:11]} 2. c4 {[%clk 0:15:26]} g6
{[%clk 0:15:20]} 3. Nc3 {[%clk 0:15:34]} Bg7 {[%clk 0:15:29]} 4. e4
{[%clk 0:15:42]} O-O {[%clk 0:15:35]} 5. Nge2 {[%clk 0:15:50]} d6
{[%clk 0:14:15]} 6. Ng3 {[%clk 0:15:58]} c5 {[%clk 0:13:47]} 7. d5
{[%clk 0:16:05]} a6 {[%clk 0:13:44]} 8. a4 {[%clk 0:16:13]} h5 {[%clk 0:13:07]}
9. Be2 {[%clk 0:16:21]} e6 {[%clk 0:12:20]} 10. O-O {[%clk 0:15:44]} h4
{[%clk 0:11:51]} 11. Nh1 {[%clk 0:15:52]} exd5 {[%clk 0:11:59]} 12. cxd5
{[%clk 0:15:59]} Re8 {[%clk 0:11:45]} 13. f3 {[%clk 0:16:05]} Nh5
{[%clk 0:10:46]} 14. Be3 {[%clk 0:14:52]} f5 {[%clk 0:08:14]} 15. Qd2
{[%clk 0:14:16]} Bf6 {[%clk 0:06:24]} 16. Nf2 {[%clk 0:14:04]} f4
{[%clk 0:06:26]} 17. Bxc5 {[%clk 0:07:25]} dxc5 {[%clk 0:06:30]} 18. d6
{[%clk 0:07:30]} Be6 {[%clk 0:05:48]} 19. Nd5 {[%clk 0:07:20]} Bd4
{[%clk 0:05:05]} 20. Nc7 {[%clk 0:05:45]} Qxd6 {[%clk 0:04:10]} 21. Nxe6
{[%clk 0:05:33]} Qxe6 {[%clk 0:03:51]} 22. Qc2 {[%clk 0:05:01]} Kg7
{[%clk 0:03:51]} 23. Bc4 {[%clk 0:05:01]} Qf6 {[%clk 0:03:54]} 24. Kh1
{[%clk 0:04:45]} Nc6 {[%clk 0:03:53]} 25. Ng4 {[%clk 0:04:53]} Ng3+
{[%clk 0:03:47]} 26. Qd1 0-1

[Event "Team Championship of Russia (rapid)"]
[Site "Sochi"]
[Date "2015.05.09"]
[Round "5.31"]
[White "Goryachkina, Aleksandra"]
[Black "Alexeev, Alexey"]
[Result "1-0"]
[LiveChessVersion "1.4.4"]
[BlackElo "2416"]
[WhiteElo "2428"]
[BlackTeam "Crimea"]
[WhiteTeam "Yamal"]

1. d4 {[%clk 0:15:18]} Nf6 {[%clk 0:15:17]} 2. c4 {[%clk 0:15:27]} g6
{[%clk 0:15:25]} 3. Nc3 {[%clk 0:15:35]} Bg7 {[%clk 0:15:33]} 4. e4
{[%clk 0:15:43]} d6 {[%clk 0:15:41]} 5. Nf3 {[%clk 0:15:51]} O-O {[%clk 0:15:47]}
6. Be2 {[%clk 0:16:00]} e5 {[%clk 0:15:53]} 7. Be3 {[%clk 0:16:08]} Ng4
{[%clk 0:15:52]} 8. Bg5 {[%clk 0:16:16]} f6 {[%clk 0:15:54]} 9. Bh4
{[%clk 0:16:24]} g5 {[%clk 0:15:58]} 10. Bg3 {[%clk 0:16:32]} Nh6
{[%clk 0:16:01]} 11. d5 {[%clk 0:16:04]} Nd7 {[%clk 0:15:57]} 12. Nd2
{[%clk 0:16:02]} f5 {[%clk 0:15:52]} 13. exf5 {[%clk 0:16:10]} Nc5
{[%clk 0:15:49]} 14. Nde4 {[%clk 0:15:53]} Nxe4 {[%clk 0:15:47]} 15. Nxe4
{[%clk 0:16:01]} Nxf5 {[%clk 0:15:52]} 16. Bg4 {[%clk 0:14:17]} c5
{[%clk 0:10:44]} 17. O-O {[%clk 0:12:46]} Bd7 {[%clk 0:10:21]} 18. h3
{[%clk 0:11:32]} b5 {[%clk 0:10:11]} 19. b3 {[%clk 0:11:10]} h6 {[%clk 0:09:30]}
20. Qd2 {[%clk 0:10:35]} Rb8 {[%clk 0:09:31]} 21. Rab1 {[%clk 0:10:31]} Be8
{[%clk 0:08:12]} 22. Be2 {[%clk 0:09:02]} bxc4 {[%clk 0:08:04]} 23. Bxc4
{[%clk 0:08:13]} Bg6 {[%clk 0:08:00]} 24. Rfe1 {[%clk 0:08:07]} Kh8
{[%clk 0:06:48]} 25. Kh1 {[%clk 0:07:54]} Rb7 {[%clk 0:06:03]} 26. Bh2
{[%clk 0:07:47]} Nd4 {[%clk 0:05:58]} 27. Rbc1 {[%clk 0:06:37]} Rbf7
{[%clk 0:05:35]} 28. Bg3 {[%clk 0:06:34]} Qd7 {[%clk 0:05:28]} 29. b4
{[%clk 0:05:44]} cxb4 {[%clk 0:05:09]} 30. Nxd6 {[%clk 0:04:46]} Qxd6
{[%clk 0:04:58]} 31. Qxd4 {[%clk 0:04:54]} Rxf2 {[%clk 0:03:48]} 32. Qxa7
{[%clk 0:03:39]} R2f7 {[%clk 0:02:35]} 33. Qe3 {[%clk 0:03:47]} Re7
{[%clk 0:02:37]} 34. Bb3 {[%clk 0:03:55]} Qb8 {[%clk 0:01:55]} 35. Rc5
{[%clk 0:03:32]} Qd8 {[%clk 0:01:28]} 36. Rd1 {[%clk 0:03:34]} e4
{[%clk 0:00:39]} 37. d6 {[%clk 0:03:36]} Rb7 {[%clk 0:00:31]} 38. Rc7
{[%clk 0:03:38]} Rb5 {[%clk 0:00:28]} 39. d7 {[%clk 0:03:24]} Qe7
{[%clk 0:00:11]} 40. d8=Q {[%clk 0:03:00]} 1-0

[Event "Team Championship of Russia (rapid)"]
[Site "Sochi"]
[Date "2015.05.09"]
[Round "5.32"]
[White "Gritsayeva, Oksana"]
[Black "Savitskiy, Sergey"]
[Result "1/2-1/2"]
[LiveChessVersion "1.4.4"]
[BlackElo "2438"]
[WhiteElo "2334"]
[BlackTeam "Yamal"]

1. e4 {[%clk 0:15:19]} c5 {[%clk 0:15:18]} 2. Nf3 {[%clk 0:15:28]} d6
{[%clk 0:15:23]} 3. Bb5+ {[%clk 0:15:25]} Nc6 {[%clk 0:15:20]} 4. Bxc6+
{[%clk 0:15:24]} bxc6 {[%clk 0:15:28]} 5. O-O {[%clk 0:15:32]} e5
{[%clk 0:14:17]} 6. c3 {[%clk 0:15:36]} f5 {[%clk 0:14:26]} 7. exf5
{[%clk 0:15:38]} Bxf5 {[%clk 0:14:34]} 8. d4 {[%clk 0:15:47]} e4 {[%clk 0:14:43]}
9. dxc5 {[%clk 0:15:33]} dxc5 {[%clk 0:11:12]} 10. Qc2 {[%clk 0:12:40]} Nf6
{[%clk 0:09:16]} 11. Nh4 {[%clk 0:11:23]} Be6 {[%clk 0:08:05]} 12. Bg5
{[%clk 0:09:13]} Be7 {[%clk 0:06:43]} 13. Bxf6 {[%clk 0:07:42]} Bxf6
{[%clk 0:06:52]} 14. Qxe4 {[%clk 0:07:49]} Qd5 {[%clk 0:06:59]} 15. Re1
{[%clk 0:06:54]} Qxe4 {[%clk 0:06:43]} 16. Rxe4 {[%clk 0:07:03]} Kf7
{[%clk 0:06:52]} 17. Nf3 {[%clk 0:06:39]} Rab8 {[%clk 0:06:38]} 18. b3
{[%clk 0:06:11]} Bd5 {[%clk 0:06:36]} 19. Re3 {[%clk 0:06:11]} Rhe8
{[%clk 0:06:39]} 20. Nbd2 {[%clk 0:05:35]} Rxe3 {[%clk 0:05:45]} 21. fxe3
{[%clk 0:05:44]} Re8 {[%clk 0:05:53]} 22. Kf2 {[%clk 0:05:34]} Bxc3
{[%clk 0:05:55]} 23. Rc1 {[%clk 0:05:40]} Bb4 {[%clk 0:05:52]} 24. Nc4
{[%clk 0:05:43]} Kf6 {[%clk 0:05:28]} 25. a3 {[%clk 0:05:03]} Bxc4
{[%clk 0:05:36]} 26. axb4 {[%clk 0:05:11]} Bxb3 {[%clk 0:05:33]} 27. Rxc5
{[%clk 0:05:19]} Bd5 {[%clk 0:04:30]} 28. Nd4 {[%clk 0:05:23]} Rc8
{[%clk 0:03:42]} 29. b5 {[%clk 0:05:06]} Ke7 {[%clk 0:03:51]} 30. Nxc6+
{[%clk 0:05:04]} Bxc6 {[%clk 0:04:00]} 31. bxc6 {[%clk 0:05:11]} Kd6
{[%clk 0:04:05]} 32. Ra5 {[%clk 0:05:20]} Rc7 {[%clk 0:04:06]} 33. Ra6
{[%clk 0:05:05]} Kc5 {[%clk 0:04:15]} 34. Kf3 {[%clk 0:04:55]} Kb5
{[%clk 0:04:23]} 35. Ra2 {[%clk 0:04:57]} Kxc6 {[%clk 0:04:31]} 36. Kf4
{[%clk 0:04:39]} 1/2-1/2

[Event "Team Championship of Russia (rapid)"]
[Site "Sochi"]
[Date "2015.05.09"]
[Round "5.33"]
[White "Golubov, Saveliy"]
[Black "Kiriakov, Petr"]
[Result "1-0"]
[LiveChessVersion "1.4.4"]
[BlackElo "2281"]
[WhiteElo "2440"]
[WhiteTeam "SHK Rakita"]

1. b3 {[%clk 0:15:19]} d5 {[%clk 0:15:13]} 2. Bb2 {[%clk 0:15:28]} c5
{[%clk 0:15:19]} 3. f4 {[%clk 0:15:37]} Nc6 {[%clk 0:15:24]} 4. Nf3
{[%clk 0:15:45]} d4 {[%clk 0:14:33]} 5. g3 {[%clk 0:15:31]} g6 {[%clk 0:14:38]}
6. Bg2 {[%clk 0:15:18]} Bg7 {[%clk 0:14:47]} 7. e4 {[%clk 0:13:48]} e5
{[%clk 0:14:35]} 8. O-O {[%clk 0:13:40]} Nh6 {[%clk 0:14:13]} 9. d3
{[%clk 0:12:56]} O-O {[%clk 0:13:08]} 10. h3 {[%clk 0:12:26]} f5 {[%clk 0:12:47]}
11. Bc1 {[%clk 0:11:34]} Nf7 {[%clk 0:10:55]} 12. exf5 {[%clk 0:11:00]} Bxf5
{[%clk 0:11:01]} 13. fxe5 {[%clk 0:10:59]} Nfxe5 {[%clk 0:11:05]} 14. Nbd2
{[%clk 0:11:00]} Qd7 {[%clk 0:10:31]} 15. g4 {[%clk 0:10:48]} Be6
{[%clk 0:10:39]} 16. Ne4 {[%clk 0:09:56]} b6 {[%clk 0:10:38]} 17. Bg5
{[%clk 0:09:57]} Nxf3+ {[%clk 0:08:49]} 18. Bxf3 {[%clk 0:09:49]} h6
{[%clk 0:08:41]} 19. Bd2 {[%clk 0:09:47]} Ne5 {[%clk 0:08:44]} 20. Nf6+
{[%clk 0:09:27]} Bxf6 {[%clk 0:04:44]} 21. Bxa8 {[%clk 0:09:35]} Rxa8
{[%clk 0:04:48]} 22. Rxf6 {[%clk 0:09:43]} Kg7 {[%clk 0:04:57]} 23. Rf2
{[%clk 0:09:12]} Bd5 {[%clk 0:04:56]} 24. Bf4 {[%clk 0:09:05]} Nf7
{[%clk 0:04:55]} 25. Qf1 {[%clk 0:08:41]} Bc6 {[%clk 0:04:28]} 26. Re1
{[%clk 0:08:08]} Qd5 {[%clk 0:04:10]} 27. Kh2 {[%clk 0:08:15]} Kg8
{[%clk 0:03:41]} 28. Qe2 {[%clk 0:04:47]} Re8 {[%clk 0:03:33]} 29. Qd1
{[%clk 0:04:21]} Rf8 {[%clk 0:03:04]} 30. Qd2 {[%clk 0:04:15]} g5
{[%clk 0:01:27]} 31. Bg3 {[%clk 0:04:13]} Kg7 {[%clk 0:00:38]} 32. Rf5
{[%clk 0:04:10]} Qd7 {[%clk 0:00:46]} 33. Qe2 {[%clk 0:03:47]} Ba8
{[%clk 0:00:28]} 34. Qe6 {[%clk 0:02:57]} Qb7 {[%clk 0:00:36]} 35. Re4
{[%clk 0:03:00]} Kh7 {[%clk 0:00:19]} 36. Bd6 {[%clk 0:02:49]} 1-0

[Event "Team Championship of Russia (rapid)"]
[Site "Sochi"]
[Date "2015.05.09"]
[Round "5.34"]
[White "Zablotsky, Sergei"]
[Black "Ivanov, Alexander Al."]
[Result "0-1"]
[LiveChessVersion "1.4.4"]
[BlackElo "2407"]
[WhiteElo "2297"]
[BlackTeam "SHK Rakita"]

1. Nf3 {[%clk 0:15:17]} d6 {[%clk 0:15:19]} 2. d4 g6 3. c4 {[%clk 0:15:23]} Bg7
{[%clk 0:15:38]} 4. Nc3 {[%clk 0:15:31]} e5 {[%clk 0:15:45]} 5. g3
{[%clk 0:12:52]} Nd7 {[%clk 0:15:46]} 6. Bg2 {[%clk 0:12:57]} Ngf6
{[%clk 0:15:55]} 7. O-O {[%clk 0:12:59]} O-O {[%clk 0:16:02]} 8. e4
{[%clk 0:13:04]} Re8 {[%clk 0:15:06]} 9. d5 {[%clk 0:12:59]} h6 {[%clk 0:14:57]}
10. b4 {[%clk 0:12:44]} a5 {[%clk 0:14:58]} 11. Ba3 {[%clk 0:12:41]} b6
{[%clk 0:14:06]} 12. bxa5 {[%clk 0:12:40]} Rxa5 {[%clk 0:14:13]} 13. Bb4
{[%clk 0:12:48]} Ra8 {[%clk 0:14:21]} 14. a4 {[%clk 0:12:55]} Ba6
{[%clk 0:14:27]} 15. Nd2 {[%clk 0:12:51]} h5 {[%clk 0:14:33]} 16. Re1
{[%clk 0:12:41]} Bh6 {[%clk 0:14:42]} 17. Bf1 {[%clk 0:12:48]} h4
{[%clk 0:14:25]} 18. a5 {[%clk 0:12:54]} hxg3 {[%clk 0:14:10]} 19. hxg3
{[%clk 0:13:02]} Nc5 {[%clk 0:13:14]} 20. Nb3 {[%clk 0:12:01]} Nfd7
{[%clk 0:12:46]} 21. Nb5 {[%clk 0:11:32]} Nxb3 {[%clk 0:12:13]} 22. Qxb3
{[%clk 0:11:37]} Bxb5 {[%clk 0:12:04]} 23. cxb5 {[%clk 0:11:43]} bxa5
{[%clk 0:12:13]} 24. Bxa5 {[%clk 0:11:38]} Rxa5 {[%clk 0:12:21]} 25. Rxa5
{[%clk 0:11:28]} Bd2 {[%clk 0:12:30]} 26. Rea1 {[%clk 0:11:27]} Bxa5
{[%clk 0:12:37]} 27. Rxa5 {[%clk 0:11:36]} Nc5 {[%clk 0:12:22]} 28. Qc2
{[%clk 0:10:49]} Kg7 {[%clk 0:12:28]} 29. Bg2 {[%clk 0:09:31]} Rf8
{[%clk 0:12:22]} 30. Ra7 {[%clk 0:09:31]} Qb8 {[%clk 0:12:28]} 31. Qa2
{[%clk 0:09:34]} Qb6 {[%clk 0:11:35]} 32. Qa5 {[%clk 0:09:01]} Qxa5
{[%clk 0:11:39]} 33. Rxa5 {[%clk 0:09:09]} Rb8 {[%clk 0:11:46]} 34. f3
{[%clk 0:08:23]} Rb7 {[%clk 0:11:37]} 35. Bf1 {[%clk 0:08:30]} Nb3
{[%clk 0:11:44]} 36. Ra3 {[%clk 0:07:57]} Nd4 {[%clk 0:11:29]} 37. Kf2
{[%clk 0:07:59]} f5 {[%clk 0:10:58]} 38. exf5 {[%clk 0:07:40]} gxf5
{[%clk 0:10:36]} 39. Bd3 {[%clk 0:07:07]} Kf6 {[%clk 0:10:45]} 40. Ke3
{[%clk 0:06:40]} Rb6 {[%clk 0:10:54]} 41. Ra6 {[%clk 0:06:35]} Rb7
{[%clk 0:08:38]} 42. Ra2 {[%clk 0:06:34]} Rb8 {[%clk 0:06:49]} 43. Rh2
{[%clk 0:05:04]} Rg8 {[%clk 0:06:46]} 44. Rh6+ {[%clk 0:04:08]} Rg6
{[%clk 0:05:23]} 45. Rxg6+ {[%clk 0:02:46]} Kxg6 {[%clk 0:05:32]} 46. f4
{[%clk 0:02:45]} Kf6 {[%clk 0:05:32]} 47. Bf1 {[%clk 0:02:37]} Nb3
{[%clk 0:04:42]} 48. Bc4 {[%clk 0:02:34]} Nc5 {[%clk 0:04:46]} 49. Be2
{[%clk 0:02:06]} Nd7 {[%clk 0:04:53]} 50. Bd3 {[%clk 0:02:07]} Nb6
{[%clk 0:05:00]} 51. Be2 {[%clk 0:00:25]} Nxd5+ {[%clk 0:05:06]} 52. Kf3
{[%clk 0:00:33]} Nc3 {[%clk 0:05:07]} 53. Bf1 {[%clk 0:00:38]} Ke6
{[%clk 0:04:51]} 54. Ke3 {[%clk 0:00:38]} Ne4 {[%clk 0:04:04]} 55. g4
{[%clk 0:00:35]} Ng3 {[%clk 0:03:54]} 56. Bh3 {[%clk 0:00:42]} fxg4
{[%clk 0:03:19]} 57. Bxg4+ {[%clk 0:00:47]} Nf5+ {[%clk 0:03:21]} 58. Kd3
{[%clk 0:00:45]} d5 {[%clk 0:03:03]} 59. fxe5 {[%clk 0:00:46]} Kxe5
{[%clk 0:03:10]} 60. Bh5 {[%clk 0:00:43]} Nd6 {[%clk 0:03:19]} 61. b6
{[%clk 0:00:42]} cxb6 {[%clk 0:03:21]} 62. Bf3 {[%clk 0:00:50]} Ne4
{[%clk 0:03:24]} 63. Bh5 {[%clk 0:00:55]} b5 {[%clk 0:03:29]} 64. Be8
{[%clk 0:00:46]} b4 {[%clk 0:03:36]} 65. Kc2 {[%clk 0:00:55]} Nc5
{[%clk 0:03:45]} 66. Bb5 {[%clk 0:01:02]} Kd4 {[%clk 0:03:51]} 67. Kb2
{[%clk 0:01:06]} Ke3 {[%clk 0:03:58]} 68. Kc2 {[%clk 0:01:08]} d4
{[%clk 0:04:02]} 69. Bc4 {[%clk 0:01:17]} d3+ {[%clk 0:04:11]} 70. Kd1
{[%clk 0:01:22]} Kd4 {[%clk 0:04:20]} 71. Bf7 {[%clk 0:01:29]} Kc3
{[%clk 0:04:29]} 72. Bg8 {[%clk 0:01:25]} b3 {[%clk 0:04:34]} 73. Bf7
{[%clk 0:01:34]} b2 {[%clk 0:04:42]} 74. Ba2 {[%clk 0:01:42]} Na6
{[%clk 0:04:43]} 75. Bb1 {[%clk 0:01:46]} Nb4 {[%clk 0:04:50]} 76. Ke1
{[%clk 0:01:55]} Nd5 {[%clk 0:04:53]} 77. Kf2 {[%clk 0:02:03]} Kd2
{[%clk 0:05:01]} 78. Kf3 {[%clk 0:02:09]} Nc3 {[%clk 0:05:10]} 0-1

[Event "Team Championship of Russia (rapid)"]
[Site "Sochi"]
[Date "2015.05.09"]
[Round "5.35"]
[White "Khoroshilov, Nikita"]
[Black "Bocharov, Ivan"]
[Result "1/2-1/2"]
[LiveChessVersion "1.4.4"]
[BlackElo "2404"]
[WhiteElo "2283"]
[WhiteTeam "SHK Rakita"]

1. Nf3 {[%clk 0:15:15]} f5 {[%clk 0:15:19]} 2. d3 {[%clk 0:14:59]} d6
{[%clk 0:15:26]} 3. e4 {[%clk 0:14:54]} e5 {[%clk 0:15:35]} 4. g3
{[%clk 0:14:01]} Nc6 {[%clk 0:15:32]} 5. Nh4 {[%clk 0:13:24]} fxe4
{[%clk 0:15:19]} 6. dxe4 {[%clk 0:13:24]} Be6 {[%clk 0:15:19]} 7. Nc3
{[%clk 0:13:09]} Nf6 {[%clk 0:15:21]} 8. Bg2 {[%clk 0:13:01]} Qd7
{[%clk 0:15:08]} 9. O-O {[%clk 0:11:55]} Be7 {[%clk 0:15:13]} 10. a3
{[%clk 0:10:09]} O-O {[%clk 0:14:49]} 11. Bg5 {[%clk 0:09:33]} Nd4
{[%clk 0:14:42]} 12. f4 {[%clk 0:08:37]} c5 {[%clk 0:13:54]} 13. f5
{[%clk 0:07:40]} Bf7 {[%clk 0:13:34]} 14. Bf3 {[%clk 0:06:03]} Qc6
{[%clk 0:11:52]} 15. Ng2 {[%clk 0:05:02]} Rfe8 {[%clk 0:09:32]} 16. Bxf6
{[%clk 0:04:47]} Bxf6 {[%clk 0:09:40]} 17. Ne3 {[%clk 0:04:35]} b5
{[%clk 0:08:40]} 18. Ncd5 {[%clk 0:04:02]} Bg5 {[%clk 0:08:38]} 19. Kh1
{[%clk 0:02:40]} c4 {[%clk 0:07:51]} 20. Bg2 {[%clk 0:01:42]} h5 {[%clk 0:06:39]}
21. h4 {[%clk 0:01:11]} Bxe3 {[%clk 0:06:12]} 22. Nxe3 {[%clk 0:01:20]} c3
{[%clk 0:05:13]} 23. b3 {[%clk 0:01:25]} Qc5 {[%clk 0:05:07]} 24. b4
{[%clk 0:00:41]} Qb6 {[%clk 0:05:15]} 25. Nd5 {[%clk 0:00:41]} Bxd5
{[%clk 0:05:20]} 26. exd5 {[%clk 0:00:49]} Rf8 {[%clk 0:05:11]} 27. Qxh5
{[%clk 0:00:49]} Nxc2 {[%clk 0:05:04]} 28. f6 {[%clk 0:00:57]} Qb7
{[%clk 0:04:10]} 29. Be4 {[%clk 0:00:42]} gxf6 {[%clk 0:03:54]} 30. Qg6+
{[%clk 0:00:38]} Qg7 {[%clk 0:03:37]} 31. Bxc2 {[%clk 0:00:36]} a5
{[%clk 0:03:45]} 32. Qxg7+ {[%clk 0:00:31]} Kxg7 {[%clk 0:03:54]} 33. Rfb1
{[%clk 0:00:28]} f5 {[%clk 0:03:20]} 34. bxa5 {[%clk 0:00:31]} Rxa5
{[%clk 0:03:29]} 35. Rb3 {[%clk 0:00:17]} b4 {[%clk 0:03:37]} 36. Rxb4
{[%clk 0:00:23]} Rxd5 {[%clk 0:03:46]} 37. Rd1 {[%clk 0:00:32]} Rxd1+
{[%clk 0:03:47]} 38. Bxd1 {[%clk 0:00:41]} d5 {[%clk 0:03:55]} 39. Rb5
{[%clk 0:00:14]} Rd8 {[%clk 0:03:38]} 40. Rc5 {[%clk 0:00:14]} d4 41. Rxe5
{[%clk 0:00:16]} d3 {[%clk 0:03:37]} 42. Rc5 {[%clk 0:00:19]} Re8
{[%clk 0:03:25]} 43. Kg2 {[%clk 0:00:15]} Re1 {[%clk 0:03:10]} 44. Rxc3
{[%clk 0:00:12]} Rxd1 {[%clk 0:03:19]} 45. Kf2 Kf6 {[%clk 0:03:21]} 46. Ke3
{[%clk 0:00:27]} Rg1 {[%clk 0:03:24]} 47. Rxd3 {[%clk 0:00:13]} Rxg3+
{[%clk 0:03:33]} 48. Ke2 {[%clk 0:00:19]} Rg2+ {[%clk 0:03:36]} 49. Ke3
{[%clk 0:00:25]} 1/2-1/2